000
00187nam a2200085 4500
001
1254309
005
20251105144720.0
245
_a
TÜRKÇE SÖZLÜK
_c
KOMİSYON
260
_b
TÜRK DİL KURUMU
999
_c
1254309
_d
1254309